THE ELEMENTS OF FRACTURE FIAITION (Record no. 1493)

MARC details
000 -LEADER
fixed length control field 00350nam a2200145Ia 4500
008 - FIXED-LENGTH DATA ELEMENTS--GENERAL INFORMATION
fixed length control field 150201s2007 xx 000 0 und d
082 ## - DEWEY DECIMAL CLASSIFICATION NUMBER
Classification number 617.3
Item number E07T
100 ## - MAIN ENTRY--PERSONAL NAME
Personal name THAKUR , ANAND J.
245 ## - TITLE STATEMENT
Title THE ELEMENTS OF FRACTURE FIAITION
250 ## - EDITION STATEMENT
Edition statement 2ND
260 ## - PUBLICATION, DISTRIBUTION, ETC. (IMPRINT)
Name of publisher, distributor, etc. ELSEVIER
Place of publication, distribution, etc. INDIA
Date of publication, distribution, etc. 2007
300 ## - PHYSICAL DESCRIPTION
Extent 1-326
650 ## - SUBJECT ADDED ENTRY--TOPICAL TERM
Topical term or geographic name as entry element ORTHOPEDICS
942 ## - ADDED ENTRY ELEMENTS (KOHA)
Source of classification or shelving scheme Dewey Decimal Classification
Koha item type Books
Holdings
Withdrawn status Lost status Source of classification or shelving scheme Damaged status Not for loan Collection code Home library Current library Shelving location Date acquired Source of acquisition SGTU Total Checkouts Full call number Barcode Date last seen Bill Date Koha item type
    Dewey Decimal Classification     MEDICAL SGT Medical Library SGT Medical Library Text Book 20/03/2013 UBS DELHI SGTU   617.3 E07T FM5389 09/02/2015 20/03/2013 Books
    Dewey Decimal Classification     MEDICAL SGT Medical Library SGT Medical Library Text Book 20/03/2013 UBS DELHI SGTU   617.3 E07T FM5390 09/02/2015 20/03/2013 Books
    Dewey Decimal Classification     MEDICAL SGT Medical Library SGT Medical Library Text Book 20/03/2013 UBS DELHI SGTU   617.3 E07T FM5391 09/02/2015 20/03/2013 Books